| 000 | 01046nam0a22002771 4500 | ||
|---|---|---|---|
| 001 | rc\2381027 | ||
| 005 | 20110829184557.9 | ||
| 035 | _a(NLR Aleph) 006516396 | ||
| 090 |
_a6383621 _c6383621 |
||
| 100 | _a20110829d1978 |||y0rusy50 ca | ||
| 101 | 0 | _arus | |
| 102 | _aRU | ||
| 105 | _ay z ||||| | ||
| 200 | 1 |
_aУстойчивость зерновых культур к факторам среды _e[Сб. статей] _fПод ред. д. х. н., проф. В.С. Шевелухи |
|
| 210 |
_aМинск _cУраджай _d1978 |
||
| 215 |
_a192 с. _cграф. _d21 |
||
| 320 | _aСписки лит. в конце статей | ||
| 606 |
_aЗерковые культуры _xУрожайность _xВлияние внешних факторов _yБССР _2psbo |
||
| 702 | 1 |
_aШевелуха _bВ. С. _gВиктор Степанович _4340 |
|
| 801 | 0 |
_aRU _bNLR _gpsbo |
|
| 801 | 1 |
_aRU _bELAR _2rusmarc |
|
| 852 |
_aNLR _j78-3/6690 |
||
| 899 |
_aRuMoRGB _jБ 78-22/655 |
||
| 899 |
_aRuMoRGB _jБ 78-22/656 |
||
| 942 | _cBOOK | ||
| 980 | _aNB | ||